000
00247nam a22001097a 4500
082
_a
515.35RAB
100
_a
Rabonstin
245
_a
Elementary differential equations with linear algebra
260
_b
Academic
_c
1975
300
_a
374
942
_c
BK
999
_c
12485
_d
12485